Les vainqueurs de l'Euro de football - Statistiques

Statistiques générales
  • Ce quiz a été pris 110 fois
  • Le résultat moyen est 12 sur 17
Statistiques - réponses
Année Vainqueur Score Finaliste % Correct
2024 Espagne 2-1 Angleterre
93%
2020 (2021) Italie 1-1(3-2) Angleterre
90%
2016 Portugal 1-0 France
90%
2012 Espagne 4-0 Italie
88%
2000 France 2-1 Italie
85%
2008 Espagne 1-0 Allemagne
84%
2004 Grèce 1-0 Portugal
80%
1996 Allemagne 2-1 Tchéquie
73%
1984 France 2-0 Espagne
70%
1972 Allemagne de l'Ouest 3-0 Union soviétique
69%
1960 Union soviétique 2-1 Yougoslavie
69%
1968 Italie 2-0 Yougoslavie
63%
1964 Espagne 2-1 Union soviétique
61%
1980 Allemagne de l'Ouest 2-1 Belgique
59%
1992 Danemark 2-0 Allemagne
55%
1988 Pays-Bas 2-0 Union soviétique
53%
1976 Tchécoslovaquie 2-2 (5-3) Allemagne de l'Ouest
39%
Aucun quiz correspondant
Distribution des résultats
% des personnes avec chaque résultat
Percentile par nombre de réponses
Votre historique - résultats
Vous n’avez pas pris ce quiz